Street Fighting: New York City Carrier & Local Mail - 1840 - 1863 (Exhibit) (Record no. 3413)
[ view plain ]
| 000 -LEADER | |
|---|---|
| fixed length control field | 00315nam a22000977a 4500 |
| 008 - FIXED-LENGTH DATA ELEMENTS--GENERAL INFORMATION | |
| fixed length control field | 220606b ||||| |||| 00| 0 eng d |
| 100 ## - MAIN ENTRY--AUTHOR'S NAME | |
| Author's Name | Mazza, Thomas |
| 245 ## - TITLE STATEMENT | |
| Title | Street Fighting: New York City Carrier & Local Mail - 1840 - 1863 (Exhibit) |
| 260 ## - PUBLICATION, DISTRIBUTION, ETC. (IMPRINT) | |
| Name of publisher, distributor, etc. | Mazza, Thomas |
| Date of publication, distribution, etc. | 1998 |
| 650 ## - TOPICAL TERM (Tag) | |
| Topical term or geographic name | New York City| Local Mail| Carrier |
| Withdrawn status | Lost status | Source of classification or shelving scheme | Damaged status | Koha normalized classification for sorting | Not for loan | Permanent Location | Current Location | Shelving location | Date acquired | Total Checkouts | Full call number | Barcode | Date last seen | Copy number | Price effective from | Koha item type | Public note |
|---|---|---|---|---|---|---|---|---|---|---|---|---|---|---|---|---|---|
| G3804 L811 M477 | Northern Philatelic Library | Northern Philatelic Library | General Stacks | 06/06/2022 | G3804 L811 M477 | 1005877 | 06/06/2022 | 1 | 06/06/2022 | Exhibits | photocopy of Exhibit 1998 |